<?xml version="1.0" encoding="UTF-8"?><?xml-stylesheet type="text/xsl" href="static/style.xsl"?><OAI-PMH xmlns="http://www.openarchives.org/OAI/2.0/" xmlns:xsi="http://www.w3.org/2001/XMLSchema-instance" xsi:schemaLocation="http://www.openarchives.org/OAI/2.0/ http://www.openarchives.org/OAI/2.0/OAI-PMH.xsd"><responseDate>2026-04-17T05:35:17Z</responseDate><request verb="GetRecord" identifier="oai:www.recercat.cat:2445/43804" metadataPrefix="marc">https://recercat.cat/oai/request</request><GetRecord><record><header><identifier>oai:recercat.cat:2445/43804</identifier><datestamp>2025-11-20T14:28:40Z</datestamp><setSpec>com_2072_1057</setSpec><setSpec>col_2072_478811</setSpec><setSpec>col_2072_478917</setSpec><setSpec>col_2072_478940</setSpec></header><metadata><record xmlns="http://www.loc.gov/MARC21/slim" xmlns:dcterms="http://purl.org/dc/terms/" xmlns:xsi="http://www.w3.org/2001/XMLSchema-instance" xmlns:doc="http://www.lyncode.com/xoai" xsi:schemaLocation="http://www.loc.gov/MARC21/slim http://www.loc.gov/standards/marcxml/schema/MARC21slim.xsd">
   <leader>00925njm 22002777a 4500</leader>
   <datafield ind2=" " ind1=" " tag="042">
      <subfield code="a">dc</subfield>
   </datafield>
   <datafield ind2=" " ind1=" " tag="720">
      <subfield code="a">Merigó Lindahl, José M.</subfield>
      <subfield code="e">author</subfield>
   </datafield>
   <datafield ind2=" " ind1=" " tag="720">
      <subfield code="a">Gil Lafuente, Anna Maria</subfield>
      <subfield code="e">author</subfield>
   </datafield>
   <datafield ind2=" " ind1=" " tag="260">
      <subfield code="c">2013-05-28T08:56:04Z</subfield>
   </datafield>
   <datafield ind2=" " ind1=" " tag="260">
      <subfield code="c">2013-05-28T08:56:04Z</subfield>
   </datafield>
   <datafield ind2=" " ind1=" " tag="260">
      <subfield code="c">2008</subfield>
   </datafield>
   <datafield ind2=" " ind1=" " tag="260">
      <subfield code="c">2013-05-28T08:56:04Z</subfield>
   </datafield>
   <datafield ind2=" " ind1=" " tag="520">
      <subfield code="a">[spa] El índice del máximo y el mínimo nivel es una técnica muy útil, especialmente para toma de decisiones, que usa la distancia de Hamming y el coeficiente de adecuación en el mismo problema. En este trabajo, se propone una generalización a través de utilizar medias generalizadas y cuasi aritméticas. A estos operadores de agregación, se les denominará el índice del máximo y el mínimo nivel medio ponderado ordenado generalizado (GOWAIMAM) y cuasi aritmético (Quasi-OWAIMAM). Estos nuevos operadores generalizan una amplia gama de casos particulares como el índice del máximo y el mínimo nivel generalizado (GIMAM), el OWAIMAM, y otros. También se desarrolla una aplicación en la toma de decisiones sobre selección de productos.</subfield>
   </datafield>
   <datafield ind2=" " ind1=" " tag="520">
      <subfield code="a">[eng] The index of maximum and minimum level is a very useful technique, especially for decision making, which uses the Hamming distance and the adequacy coefficient in the same problem. In this paper, we suggest a generalization by using generalized and quasi-arithmetic means. As a result, we will get the generalized ordered weighted averaging index of maximum and minimum level (GOWAIMAM) and the Quasi-OWAIMAAM operator. These new aggregation operators generalize a wide range of particular cases such as the generalized index of maximum and minimum level (GIMAM), the OWAIMAM, the ordered weighted quadratic averaging IMAM (OWQAIMAM), and others. We also develop an application of the new approach in a decision making problem about selection of products.</subfield>
   </datafield>
   <datafield tag="653" ind2=" " ind1=" ">
      <subfield code="a">Presa de decisions (Estadística)</subfield>
   </datafield>
   <datafield tag="653" ind2=" " ind1=" ">
      <subfield code="a">Teoria d'operadors</subfield>
   </datafield>
   <datafield tag="653" ind2=" " ind1=" ">
      <subfield code="a">Aritmètica</subfield>
   </datafield>
   <datafield tag="653" ind2=" " ind1=" ">
      <subfield code="a">Statistical decision</subfield>
   </datafield>
   <datafield tag="653" ind2=" " ind1=" ">
      <subfield code="a">Operator theory</subfield>
   </datafield>
   <datafield tag="653" ind2=" " ind1=" ">
      <subfield code="a">Arithmetic</subfield>
   </datafield>
   <datafield ind2="0" ind1="0" tag="245">
      <subfield code="a">The generalized index of maximum and minimum level and its application in decision making</subfield>
   </datafield>
</record></metadata></record></GetRecord></OAI-PMH>